Industrial and organizational psychology (Record no. 393690)

MARC details
000 -LEADER
fixed length control field 00557 a2200205 4500
005 - DATE & TIME
control field 20260129110448.0
008 - FIXED-LENGTH DATA ELEMENTS--GENERAL INFORMATION
fixed length control field 260128b |||||||| |||| 00| 0 eng d
020 ## - ISBN
International Standard Book Number 9789359779416
Price Rs. 2995.00
040 ## - CATALOGING SOURCE
Original cataloging agency VIVEKANANDA LIBRARY
082 ## - DDC NUMBER
Classification number 158.7
Book Number S13I
100 ## - MAIN ENTRY--PERSONAL NAME
Personal name Siddiqui, Zulfiqar Ullah
245 ## - TITLE STATEMENT
Title Industrial and organizational psychology
260 ## - PUBLICATION, DISTRIBUTION, ETC. (IMPRINT)
Name of publisher, distributor, etc The Readers Paradise
Date of publication, distribution, etc 2024
Place of publication, distribution, etc New Delhi
300 ## - PHYSICAL DESCRIPTION
Pages 405
440 ## - Series Statement
Series Title Readings in psychology
650 ## - Subject
Subject Psychology
650 ## - Subject
Subject Leadership
650 ## - Subject
Subject Organizational Psychology
942 ## - ADDED ENTRY ELEMENTS (KOHA)
Koha item type Books
Holdings
Withdrawn status Lost status Source of classification or shelving scheme Damaged status Not for loan Location (home branch) Sublocation or collection (holding branch) Shelving location Date acquired Koha issues (times borrowed) Koha full call number Accession No. Koha date last seen Koha item type
    Dewey Decimal Classification     VIVEKANANDA LIBRARY VIVEKANANDA LIBRARY Vivekananda Library 03/12/2025   158.7 S13I 443383 03/12/2025 Books
© Designed and Maintained by Vivekananda Library, MDU Rohtak